[Event "Forchheim Elo op"]
[Site "Forchheim"]
[Date "2002.09.22"]
[Round "2"]
[White "Niklaus, Guenter"]
[Black "Kotz, Reinhard"]
[Result "0-1"]
[WhiteElo "2037"]
[BlackElo "2153"]
[PlyCount "52"]
[EventDate "2002.09.20"]
[EventType "swiss"]
[EventRounds "5"]
[EventCountry "GER"]
[SourceTitle "CBM 090 Extra"]
[Source "ChessBase"]
[SourceDate "2002.11.07"]
[SourceVersion "1"]
[SourceVersionDate "2002.11.07"]
[SourceQuality "1"]

1. e4 Nf6 2. Nc3 d5 3. exd5 Nxd5 4. d4 c6 5. Nf3 g6 6. Nxd5 Qxd5 7. c4 Qd8 8. Be3 Bg7 9. Qd2 0-0 10. h4 Bg4 11. Nh2 Bc8 12. h5 Qd6 13. 0-0-0 e5 14. hxg6 hxg6 15. Nf3 exd4 16. Bh6 Qf6 17. Ng5 Re8 18. Nh7 Qe5 19. Bxg7 Qxg7 20. Qg5 Nd7 21. Bd3 f6 22. Qf4 Re6 23. Rh6 Ne5 24. Qh4 Bd7 25. f4 g5 26. Qh3 Nxd3+ 0-1